Statistics for NRL Player of the Week

Click here to take the quiz!

General Stats

  • This quiz has been taken 78 times
    (21 since last reset)
  • The average score is 87 of 183

Answer Stats

RoundPlayerTeam% Correct
2023 Finals Week 4Nathan ClearyPanthers
100%
2022 Finals Week 1Nathan ClearyPanthers
100%
2019 R25Nathan ClearyPanthers
100%
2020 R6Nathan ClearyPanthers
100%
2020 Finals Week 1Nathan ClearyPanthers
100%
2021 R10Nathan ClearyPanthers
100%
2021 Finals Week 4Nathan ClearyPanthers
100%
2019 R21Nathan ClearyPanthers
100%
2023 Finals Week 1Nathan ClearyPanthers
100%
2023 R2Reece WalshBroncos
93%
2021 R11Reece WalshWarriors
93%
2023 Finals Week 3Reece WalshBroncos
93%
2018 Finals Week 2Adam ReynoldsRabbitohs
86%
2022 R9Adam ReynoldsBroncos
86%
2023 R24Adam ReynoldsBroncos
86%
2021 Finals Week 1Adam ReynoldsRabbitohs
86%
2023 Finals Week 1Adam ReynoldsBroncos
86%
2023 Finals Week 2Cameron MunsterStorm
86%
2022 R22Cameron MunsterStorm
86%
2018 R1Cameron MunsterStorm
86%
2022 R18Daly Cherry-EvansSea Eagles
86%
2018 R2Daly Cherry-EvansSea Eagles
86%
2020 R17Kalyn PongaKnights
86%
2020 R4Kalyn PongaKnights
86%
2023 R25Kalyn PongaKnights
86%
2019 R10Kalyn PongaKnights
86%
2023 R11Kalyn PongaKnights
86%
2021 R16Kalyn PongaKnights
86%
2023 Finals Week 1Kalyn PongaKnights
86%
2021 Finals Week 2Tom TrbojevicSea Eagles
86%
2021 R20Tom TrbojevicSea Eagles
86%
2021 R6Tom TrbojevicSea Eagles
86%
2019 R3Tom TrbojevicSea Eagles
86%
2019 R14Tom TrbojevicSea Eagles
86%
2021 R15Tom TrbojevicSea Eagles
86%
2023 R3Tom TrbojevicSea Eagles
86%
2018 R10Angus CrichtonRabbitohs
79%
2023 Finals Week 3Brian To'oPanthers
79%
2019 R7Cameron SmithStorm
79%
2019 R17Cameron SmithStorm
79%
2022 Finals Week 4Dylan EdwardsPanthers
79%
2022 R15Dylan EdwardsPanthers
79%
2022 Finals Week 3Dylan EdwardsPanthers
79%
2023 R6Dylan EdwardsPanthers
79%
2020 R5James TedescoRoosters
79%
2023 R14James TedescoRoosters
79%
2022 R19James TedescoRoosters
79%
2019 R18James TedescoRoosters
79%
2018 R25James TedescoRoosters
79%
2019 R8Latrell MitchellRoosters
79%
2018 R19Latrell MitchellRoosters
79%
2022 R21Latrell MitchellRabbitohs
79%
2020 Finals Week 3Isaah YeoPanthers
71%
2019 R22Payne HaasBroncos
71%
2018 R9Andrew FifitaSharks
64%
2022 R8Ben HuntDragons
64%
2019 R5Cody WalkerRabbitohs
64%
2022 R17Cody WalkerRabbitohs
64%
2022 Finals Week 1Cody WalkerRabbitohs
64%
2020 R12Cody WalkerRabbitohs
64%
2021 R5David FifitaTitans
64%
2020 R1David FifitaBroncos
64%
2021 R9Josh Addo-CarrStorm
64%
2019 Finals Week 2Josh Addo-CarrStorm
64%
2023 R23Shaun JohnsonWarriors
64%
2023 R5Shaun JohnsonWarriors
64%
2020 R10Shaun JohnsonSharks
64%
2023 R12Dylan BrownEels
57%
2021 R7Jahrome HughesStorm
57%
2023 R22Jahrome HughesStorm
57%
2022 Finals Week 2Mitchell MosesEels
57%
2019 Finals Week 1Mitchell MosesEels
57%
2018 R7Mitchell MosesEels
57%
2018 R22Mitchell MosesEels
57%
2022 R1Mitchell MosesEels
57%
2019 R6Mitchell MosesEels
57%
2021 R24Mitchell MosesEels
57%
2023 R15Reuben GarrickSea Eagles
57%
2021 R22Reuben GarrickSea Eagles
57%
2021 R8Sam WalkerRoosters
57%
2019 R24Cameron MurrayRabbitohs
50%
2022 Finals Week 2Cameron MurrayRabbitohs
50%
2020 R15Jack WightonRaiders
50%
2019 Finals Week 4Jack WightonRaiders
50%
2018 Finals Week 4Luke KearyRoosters
50%
2022 R2Nicho HynesSharks
50%
2023 R4Nicho HynesSharks
50%
2022 R23Nicho HynesSharks
50%
2023 Finals Week 2Tohu HarrisWarriors
50%
2022 R24Clinton GuthersonEels
43%
2020 R7Clinton GuthersonEels
43%
2018 R11Jamayne IsaakoBroncos
43%
2019 R1Jason TaumaloloCowboys
43%
2022 Finals Week 1Jason TaumaloloCowboys
43%
2018 R13Jason TaumaloloCowboys
43%
2020 R2Jason TaumaloloCowboys
43%
2018 R24Johnathan ThurstonCowboys
43%
2022 R5Joseph ManuRoosters
43%
2018 Finals Week 3Joseph ManuRoosters
43%
2019 R12Liam MartinPanthers
43%
2023 R9Luke BrooksTigers
43%
2018 R6Luke BrooksTigers
43%
2022 R4Ryan PapenhuyzenStorm
43%
2020 R11Ryan PapenhuyzenStorm
43%
2021 R1Ryan PapenhuyzenStorm
43%
2020 Finals Week 4Ryan PapenhuyzenStorm
43%
2023 R21Zac LomaxDragons
43%
2023 R7Hudson YoungRaiders
36%
2020 R18Hudson YoungRaiders
36%
2018 R14Jarryd HayneEels
36%
2018 R22Jarryd HayneEels
36%
2023 R27Kieran ForanTitans
36%
2020 R8Maika SivoEels
36%
2022 R25Valentine HolmesCowboys
36%
2023 Finals Week 1Victor RadleyRoosters
36%
2021 R17Alex JohnstonRabbitohs
29%
2020 R20Alex JohnstonRabbitohs
29%
2022 R12Alex JohnstonRabbitohs
29%
2019 R23Benji MarshallTigers
29%
2018 R21Damien CookRabbitohs
29%
2019 R9Damien CookRabbitohs
29%
2022 R6Jackson HastingsTigers
29%
2018 R12Matt MoylanSharks
29%
2019 R11Mitchell PearceKnights
29%
2023 R8Nick MeaneyStorm
29%
2019 R19Paul GallenSharks
29%
2023 R17Scott DrinkwaterCowboys
29%
2022 R20Scott DrinkwaterCowboys
29%
2021 R25Anthony MilfordBroncos
21%
2023 R18Bradman BestKnights
21%
2021 R2Brett MorrisRoosters
21%
2023 R13Greg MarzhewKnights
21%
2018 R5Jai ArrowTitans
21%
2020 Finals Week 2Joseph TapineRaiders
21%
2022 Finals Week 1Joseph TapineRaiders
21%
2018 R23Lachlan LewisBulldogs
21%
2021 R21Matt BurtonPanthers
21%
2022 R14Matt BurtonBulldogs
21%
2023 R26Tolutau KoulaSea Eagles
21%
2023 R16Will WarbrickStorm
21%
2020 R19Alexander BrimsonTitans
14%
2023 R16Alex TwalTigers
14%
2018 R3Gareth WiddopDragons
14%
2023 R20Izack TagoPanthers
14%
2018 R4James MaloneyPanthers
14%
2019 R15James MaloneyPanthers
14%
2019 Finals Week 3Josh PapaliiRaiders
14%
2022 R11Josh PapaliiRaiders
14%
2019 R20Kenny BromwichStorm
14%
2022 Finals Week 3Reagan Campbell-GillardEels
14%
2021 R23Ronaldo MulitaloSharks
14%
2022 R7Siosifa TalakaiSharks
14%
2018 R8Tariq SimsDragons
14%
2021 R4Tariq SimsDragons
14%
2018 Finals Week 1Tariq SimsDragons
14%
2019 R16Tevita Pangai JrBroncos
14%
2023 R10Valynce Te WhareDolphins
14%
2019 R2Blake FergusonEels
7%
2021 Finals Week 3Blake TaaffeRabbitohs
7%
2020 R14Cameron McInnesDragons
7%
2021 R12Daniel SaifitiKnights
7%
2020 R3George WilliamsRaiders
7%
2022 R13Haumole Olakau'atuSea Eagles
7%
2022 R3Jeremiah NanaiCowboys
7%
2023 R1Jeremy Marshall-KingDolphins
7%
2019 R4Jordan RapanaRaiders
7%
2021 R19Jordan RapanaRaiders
7%
2018 R20Kerrod HollandBulldogs
7%
2023 R19Luke MetcalfWarriors
7%
2018 R16Matthew DuftyDragons
7%
2021 R13Matthew DuftyDragons
7%
2022 R10Murray TaulagiCowboys
7%
2018 R18Roger Tuivasa-SheckWarriors
7%
2020 R16Roger Tuivasa-SheckWarriors
7%
2021 R3Roger Tuivasa-SheckWarriors
7%
2021 R18Adam DoueihiTigers
0%
2018 R17Blake AustinRaiders
0%
2019 R13Bronson XerriSharks
0%
2020 R9Charlie StainesPanthers
0%
2022 R16Edrick LeeKnights
0%
2021 R14Jake AverilloBulldogs
0%
2020 R13Kevin ProctorTitans
0%
2018 R15Robert JenningsRabbitohs
0%

Score Distribution

Percentile by Number Answered

Percent of People with Each Score

Your Score History

You have not taken this quiz since the last reset